000 00802nam a22002417a 4500
005 20240530110857.0
008 181226s1997 ua ac f b 000 0dara d
017 _a97/10888
_bمصر. دار الكتب
020 _a9775705045
040 _aEG-CaGPL
_cEG-CaGPL
082 0 4 _221
_a792.025\
_bم ن
100 0 _aماجدة سعد الدين
245 1 0 _aنهاد بهجت وهمس الجماد /
_cماجدة سعد الدين
250 _aط.1
260 _aالقاهرة :
_bدار الف للنشر والتوزيع،
_c1997
300 _a243 ص. :
_bايض ؛
_c24 سم.
504 _aيشتمل على ارجاعات ببليوجرافية
600 0 _aنهاد بهجت
651 _2qrmak
653 _aمهندسون الديكور
942 _2ddc
_cBK
999 _c66055
_d66055